MARC

LEADER 00000nam0a2200000 4500
001 62625
005 20231031063705.0
035 |a (RuTPU)RU\TPU\book\66433 
090 |a 62625 
100 |a 20040415d k y0rusy50 ca 
101 0 |a rus 
102 |a RU 
105 |a a z 001zy 
200 1 |a Молекулярный масс-спектральный анализ нефтей  |f А. А. Полякова 
210 |a Москва  |c Недра  |d 1973 
215 |a 181 с.  |c ил. 
320 |a Список литературы: с. 173-180. 
610 1 |a нефть 
610 1 |a масс-спектроскопические методы 
610 1 |a исследования 
610 1 |a анализ 
610 1 |a переработка 
610 1 |a состав 
610 1 |a углеводороды 
675 |a 665.5:543  |v 3 
700 1 |a Полякова  |b А. А.  |g Ада Александровна 
801 1 |a RU  |b 63413507  |c 20040415  |g PSBO 
801 2 |a RU  |b 63413507  |c 20160514  |g PSBO 
900 |a Химия нефти и газа 
942 |c BK